banner-ar

A PROGAMMER'S VIEW OF COMPUTER ARCHITECTURE: WITH ASSEMBLY LANGUAGE EXAMPLES FROM THE M I P S R I S C ARCHITECTURE / (Record no. 16550)

MARC details
000 -الفاتح
حقل البيانات ثابتة الطول 00627nam a2200193Ia 4500
008 - عناصر البيانات ثابتة الطول - معلومات عامة
حقل البيانات ثابتة الطول 140319s9999 xx 000 0 eng d
040 ## - مصدر الفهرسة
وكالة الفهرسة الأصلية GCL /
وكالة النسخ GCL
082 04 - رقم تصنيف ديوى العشرى
رقم التصنيف 004.22
رقم المادة G A
100 1# - المدخل الرئيسى - إسم شخصى
الإسم الشخصى COODMAN,JAMES
245 10 - بيان العنوان
العنوان A PROGAMMER'S VIEW OF COMPUTER ARCHITECTURE: WITH ASSEMBLY LANGUAGE EXAMPLES FROM THE M I P S R I S C ARCHITECTURE /
بيان المسئوليه,etc COODMAN,JAMES
700 1# - المدخل الاضافى - اسم شخصى
الإسم الشخصى MILLER,KAREN
260 ## - PUBLICATION, DISTRIBUTION, ETC. (IMPRINT)
تاريخ النشر أو التوزيع 1992
300 ## - الوصف المادى
التعداد 405 P
650 04 - المدخل الاضافى بالموضوع-مصطلح موضوعى
مصطلح موضوعي COMPUTER ARCHITECTURE
650 04 - المدخل الاضافى بالموضوع-مصطلح موضوعى
مصطلح موضوعي COMPUTER - PROGRAMMERS
650 04 - المدخل الاضافى بالموضوع-مصطلح موضوعى
مصطلح موضوعي ASSEMBLER LANGUAGE (COMPUTER PROGRAME )
942 ## - عناصر المدخل الإضافي( كوها)
مصدر التصنيف او مخطط الترفيف Dewey Decimal Classification
Koha [default] item type كتاب
260 ## - PUBLICATION, DISTRIBUTION, ETC. (IMPRINT)
-- [S.N] :
-- HAROWT BRACE COLLEGE ،
Holdings
حالة التراجع حالة الفقد حالة تلف ليس للاعارة المكان المؤقت الموقع الحالى تاريخ الاكتساب اجمالي اﻻعارات رقم الطلب الباركود تاريخ اخر مشاهدة تاريخ تفعيل السعر نوع وعاء كوها
        مكتبة القاهرة الكبرى مكتبة القاهرة الكبرى 03/26/2014   004.22\G A 30028 03/26/2014 03/26/2014 كتاب

Powered By

EGPV